Η πληροφορική στην εκπαίδευση : τεχνολογίες, εφαρμογές, κατάρτιση εκπαιδευτικών ; πρακτικά συνεδρίου, Ρόδος, 14-15 Δεκεμβρίου 2001
Αποθηκεύτηκε σε:
| Συγγραφή απο Οργανισμό/Αρχή: | |
|---|---|
| Άλλοι συγγραφείς: | |
| Μορφή: | Βιβλίο |
| Γλώσσα: | Greek |
| Δημοσίευση: |
Αθήνα :
Νέες Τεχνολογίες,
c2002.
|
| Θέματα: | |
| Ετικέτες: |
Προσθήκη ετικέτας
Δεν υπάρχουν, Καταχωρήστε ετικέτα πρώτοι!
|
MARC
| LEADER | 00000cam a2200000 i 4500 | ||
|---|---|---|---|
| 001 | 1/32618 | ||
| 008 | 030210s2002 gr | ||| |||| ||gre|| | ||
| 020 | |a 9608105471 | ||
| 035 | |l 10069367 | ||
| 040 | |a GR-MY-UA |b gre |e aacr | ||
| 041 | 0 | |a gre | |
| 082 | 7 | |a 371.334 |2 (21) | |
| 245 | 0 | 2 | |a Η πληροφορική στην εκπαίδευση : |b τεχνολογίες, εφαρμογές, κατάρτιση εκπαιδευτικών ; πρακτικά συνεδρίου, Ρόδος, 14-15 Δεκεμβρίου 2001 / |c Πανεπιστήμιο Αιγαίου, Σχολή Ελληνικών και Μεσογειακών Σπουδών, Τμήμα Δημοτικής Εκπαίδευσης ; επιμέλεια: Κώστας Τσολακίδης. |
| 260 | |a Αθήνα : |b Νέες Τεχνολογίες, |c c2002. | ||
| 300 | |a 416 σ. : |b εικ. ; |c 24 εκ. | ||
| 504 | |a Περιέχει βιβλιογραφικές παραπομπές. | ||
| 650 | 0 | 0 | |a Computer-assisted instruction |x Congresses. |
| 650 | 0 | 0 | |a Education |x Data processing |x Congresses. |
| 650 | 0 | 0 | |a Educational technology |x Congresses. |
| 700 | 1 | |a Τσολακίδης, Κώστας, |e edt | |
| 710 | 2 | |a Πανεπιστήμιο Αιγαίου |b Σχολή Ανθρωπιστικών Σπουδών |b Τμήμα Δημοτικής Εκπαίδευσης. | |
| 852 | |a INST |b CHIOS |e 20031003 |h 371.334 ΠΛΗ |p 005200013361 |q 005200013361 |t BK |y 0 | ||
| 852 | |a INST |b CHIOS |e 20031003 |h 371.334 ΠΛΗ |p 005200013370 |q 005200013370 |t BK |y 0 | ||
| 852 | |a INST |b LESVOS |e 20030312 |h 371.334 ΠΛΗ |p 005100024676 |q 005100024676 |t BK |y 0 | ||
| 852 | |a INST |b LESVOS |e 20030312 |h 371.334 ΠΛΗ |p 005100024677 |q 005100024677 |t BK |y 0 | ||
| 852 | |a INST |b RHODES |e 20030210 |h 372.1334 ΠΑΝ |p 005400015770 |q 005400015770 |t BK |y 0 | ||
| 852 | |a INST |b RHODES |e 20030210 |h 372.1334 ΠΑΝ |p 005400015771 |q 005400015771 |t BK |y 0 | ||
| 852 | |a INST |b RHODES |e 20030210 |h 372.1334 ΠΑΝ |p 005400015772 |q 005400015772 |t BK |y 0 | ||
| 852 | |a INST |b SYROS |e 20030225 |h 371.334 ΠΛΗ |p 005500002353 |q 005500002353 |t BK |y 0 | ||
| 852 | |a INST |b SYROS |e 20030225 |h 371.334 ΠΛΗ |p 005500002354 |q 005500002354 |t BK |y 0 | ||
| 901 | |a BIBL2-2003-3 | ||
| 901 | |a BIBL5-2003-1 | ||
| 901 | |a BIBL4-2003-1 | ||
| 970 | |a ΚΟΥΛΑΚΙΟΤΗ |b ΛΙΤΣΑ |z 2003/02/10 | ||